| 000 | 00783nam a22002057a 4500 | ||
|---|---|---|---|
| 999 |
_c17952 _d17952 |
||
| 003 | AR-CdUCM | ||
| 008 | 190510b ||||| |||| 00| 0 spa d | ||
| 040 |
_aMUNICIPALIDAD PROVINCIAL DEL CUSCO _cBIBLIOTECA MUNICIPAL DEL CUSCO |
||
| 082 |
_a980 / _bT73 |
||
| 100 |
_aTorres Caicedo, J. M. _938231 |
||
| 245 |
_aUnion latino Americana : _bPensamiento de Bolívar para formar una liga Americana / |
||
| 260 |
_aParis : _bRosas Brunet, |
||
| 300 |
_a381 páginas ; _c20 cm. |
||
| 505 | _aContenido : Confederacion y federacion -- Convulsiones de América latina -- Primeras bases de la unión Latino Americana... | ||
| 650 |
_aConfederación _938232 |
||
| 650 |
_aSus orígenes y desarrollos _938233 |
||
| 650 |
_aCongreso de Panamá _938234 |
||
| 942 |
_2ddc _cLIBROS |
||
| 945 | _arcc | ||